Modelos de predicción de la humedad de los combustibles muertos : fundamentos y aplicación /

Guardado en:
Autor Principal: Ruiz González, A.D.
Autor Corporativo: Instituto Nacional de Investigación y Tecnología Agraria y Alimentaria (España)
Otros Autores: Vega Hidalgo, J.A.
Formato: Libro
Idioma:Spanish
Publicado: Madrid : INIA, 2007.
Series:Monografías INIA. Serie forestal ; nº 15
Acceso en línea:Acceso a la descarga gratuita del libro
Etiquetas: Agregar Etiqueta
Sin Etiquetas, Sea el primero en etiquetar este registro!
LEADER 00874nam a22002055a 4500
001 EEA.libagro008285
008 130809s2007####sp#a##########000#0#spa#d
005 20210320160527.0
245 1 0 |a Modelos de predicción de la humedad de los combustibles muertos :  |b fundamentos y aplicación /  |c A.D. Ruiz González, J.A. Vega Hidalgo. 
260 |a Madrid :  |b INIA,  |c 2007. 
300 |a 207 p. :  |b il. ;  |c 24 cm. 
490 1 |a Monografías INIA. Serie forestal ;  |v nº 15 
020 |a 9788474985207 
022 |a 1575-6106 
100 1 |a Ruiz González, A.D. 
700 1 |a Vega Hidalgo, J.A. 
710 2 |a Instituto Nacional de Investigación y Tecnología Agraria y Alimentaria (España) 
082 0 4 |a 574.52642 
856 4 1 |3 Acceso a la descarga gratuita del libro  |u http://libros.inia.es/libros/product%5Finfo.php?products%5Fid=66 
859 |a AR-BbBCA  |b BIB. AGRONOMIA  |h 574.52642  |i R934  |p 2009/5674